000 00734cam a2200253 a 4500
001 2942107
005 20180129080901.0
008 900306s1990 nyua b 001 0 eng
010 _a 90012217
020 _a0471525375 (alk. paper)
020 _a0471525367 (pbk. : alk. paper)
040 _aDLC
_cDLC
_dDLC
041 _aeng
080 _a650.14
082 0 0 _a650.14 ALL
_220
100 1 _a52
101 _aPUN
240 1 0 _aJeff Allen's best.
_pResume
245 1 0 _aJeff Allen's best.
_pThe resume /
_cJeffrey G. Allen.
504 _aIncludes bibliographical references (p. 139) and index.
906 _a7
_bcbc
_corignew
_d1
_eocip
_f19
_gy-gencatlg
942 _2ddc
_cBK
999 _c41177
_d41177